| 000 | 02165nam a2200349 a 4500 | ||
|---|---|---|---|
| 001 | ebr10675038 | ||
| 003 | CaPaEBR | ||
| 006 | m u | ||
| 007 | cr cn||||||||| | ||
| 008 | 100809s2011 nyu sb 001 0 eng d | ||
| 010 | _z 2010031327 | ||
| 020 | _z9781617612145 (hardcover) | ||
| 020 | _z9781617614996 (e-book) | ||
| 040 |
_aCaPaEBR _cCaPaEBR |
||
| 035 | _a(OCoLC)834603755 | ||
| 050 | 1 | 4 |
_aBF575.L7 _bP79 2011eb |
| 082 | 0 | 4 |
_a155.9/2 _222 |
| 245 | 0 | 0 |
_aPsychology of loneliness _h[electronic resource] / _cSarah J. Bevinn editor. |
| 260 |
_aNew York : _bNova Science Publishers, _cc2011. |
||
| 300 | _axi, 159 p. | ||
| 490 | 1 | _aPsychology of emotions, motivations and actions | |
| 504 | _aIncludes bibliographical references and index. | ||
| 505 | 0 | _aExperiencing loneliness in childhood : consequences for psychosocial adjustment, school adjustment, and academic performance / Lucy R. Betts, Anna S.A. Bicknell -- Ageing and psychological well-being / Juan Carlos Melendez-Moral -- Loneliness in sexual offenders / Emily Blake, Theresa A. Gannon -- Loneliness and life : from beginning to end / Ami Rokach -- The experience of loneliness while studying abroad / Holly A. Hunley -- Denying the need to belong : how social exclusion impairs human functioning and how people can protect against it / Richard S. Pond, Joseph Brey, C. Nathan DeWall -- Sexual alienation : a review of factors influencing the loneliness of gay, lesbian, and bisexual adolescents / Bradley J. Bond -- Being lonely in a crowd : population density contributes to perceived loneliness in China / Zhenzhu Yue ... [et al.]. | |
| 533 |
_aElectronic reproduction. _bPalo Alto, Calif. : _cebrary, _d2013. _nAvailable via World Wide Web. _nAccess may be limited to ebrary affiliated libraries. |
||
| 650 | 0 | _aLoneliness. | |
| 650 | 0 | _aInterpersonal relations. | |
| 655 | 7 |
_aElectronic books. _2local |
|
| 700 | 1 | _aBevinn, Sarah J. | |
| 710 | 2 | _aebrary, Inc. | |
| 830 | 0 | _aPsychology of emotions, motivations, and actions series. | |
| 856 | 4 | 0 |
_uhttp://site.ebrary.com/lib/rucke/Doc?id=10675038 _zAn electronic book accessible through the World Wide Web; click to view |
| 999 |
_c57391 _d57391 |
||